Questões morais da vida matrimonial (Record no. 45960)

MARC details
000 -Etiqueta do registo
Valores 00442cam a2200169 4500
100 ## - Dados gerais de processamento
Dados gerais 19971211d1952 m y0pory5003 ba
101 1# - Língua de publicação
Língua por
102 ## - País de publicação
País PT
200 1# - Titulo e menção de responsabilidade
Título próprio Questões morais da vida matrimonial
Informação de outro título discurso do Santo Padre
Primeira menção de responsabilidade Pio XII
210 #9 - Publicação
Local de publicação Lisboa
Nome do editor União Gráfica,
Data de publicação imp. 1952
215 ## - Descrição física 
Paginação / Volumes 32 p.
675 ## - CDU
Notação 265.5
Edição BN
Língua por
710 02 - Autor entidade principal
Nome da entidade Igreja Católica.
Subdivisão Papa,
801 #0 - Fonte de origem
País PT
Agência BN
Regras de catalogação RPC
990 ## - Elementos KOHA
Tipo de documento Livro
Holdings
Aquisição Empréstimo Código de barras Cota Permissão de empréstimo Tipo de documento
Biblioteca Municipal de Redondo Biblioteca Municipal de Redondo 057142 27-42 PIO   Livro

Powered by Koha